Building student resilience strategies to overcome risk and adversity K-8

Guardat en:
Dades bibliogràfiques
Autor principal: SIMON, Gabe
Format: Llibre
Idioma:anglès
Publicat: CORWIN Press 2013
Etiquetes: Afegir etiqueta
Sense etiquetes, Sigues el primer a etiquetar aquest registre!

MARC

LEADER 00000nam a22000007a 4500
008 201210b ||||| |||| 00| 0 eng d
020 |a 978-1-4522-5867-6 
100 |a SIMON, Gabe 
245 |a Building student resilience  |b strategies to overcome risk and adversity K-8  |c Gabe Simon  |g 101p.; ill. 
260 |b CORWIN Press  |c 2013  |h Thousand Oaks, California  |i 692729  |i 692730   |l LC4801.5 .Si5  |m Problem children – Education 
500 |a “It includes bibliographical references and index”. 
942 |a lcc  |c BK  |e O.A.JOHNSON  |f 10/12/20 
952 |0 0  |1 0  |2 lcc  |4 0  |7 0  |9 342  |a HOL  |b ED  |c LP  |d 2020-12-10  |o LC4801.5 .Si5  |p 2020-2079  |r 2020-12-10 00:00:00  |w 2020-12-10  |y BK 
952 |0 0  |1 0  |2 lcc  |4 0  |6 LC48015 S I5  |7 0  |9 344  |a HOL  |b HOL  |c LP  |d 2020-12-10  |l 0  |o LC4801.5 .Si5  |p 2020-2078  |r 2020-12-10 00:00:00  |w 2020-12-10  |y BK 
999 |c 162  |d 162